[Event "Czech Open GM 2019"]
[Site "Pardubice"]
[Date "2019.07.22"]
[Round "4.9"]
[White "Zetocha, Claudiu"]
[Black "Karthik Venkataraman"]
[Result "0-1"]
[WhiteElo "2316"]
[BlackElo "2480"]
[Annotator "TA"]
[PlyCount "148"]
[EventDate "2019.07.19"]
[EventType "swiss"]
[EventCountry "CZE"]
[SourceTitle "playchess.com"]
[Source "ChessBase"]
[SourceQuality "1"]

1. Nf3 g6 2. e4 d6 3. d4 Nf6 4. Nc3 Bg7 5. Be3 c6 6. Qd2 b5 7. Bd3 O-O 8. Bh6 Bg4 9. a4 b4 10. Ne2 a5 11. Neg1 Nbd7 12. h3 Bxf3 13. Nxf3 e5 14. dxe5 dxe5 15. Be3 Qe7 16. Qe2 Nh5 17. g3 Kh8 18. Nd2 Nc5 19. Bc4 Nb7 20. Ba6 Nc5 21. Bc4 Nb7 22. Ba6 Nf6 23. Bxb7 Qxb7 24. Bg5 Nd7 25. h4 h6 26. Be3 f5 27. f3 f4 28. Bf2 fxg3 29. Bxg3 Nc5 30. h5 Qf7 31. hxg6 Qxg6 32. Qh2 Rae8 33. b3 Qg5 34. Bf2 Ne6 35. O-O-O Nd4 36. Bxd4 exd4 37. Rdg1 Qf6 38. Nc4 Re7 39. Qd6 Re6 40. Qd7 Rf7 41. Qc8+ Kh7 42. e5 Qe7 43. Nd6 Rf8 44. Qxc6 Bxe5 45. Qe4+ Kh8 46. Rg6 Rxg6 47. Qxg6 Bf4+ 48. Kb1 Rf6 49. Nf5 Qf8 50. Nh4 Be3 51. Qh5 Qd6 52. Rd1 Bg5 53. Qe8+ Kg7 54. Qe4 Qf4 55. Rg1 Kg8 56. Qd5+ Kh7 57. Ng2 Qxf3 58. Qxd4 Qf2 59. Qe4+ Qf5 60. Qe2 Re6 61. Qc4 Re4 62. Qd3 Re5 63. Qc4 Rc5 64. Qe2 Rc3 65. Kb2 Rf3 66. Ne1 Re3 67. Qd1 Qe5+ 68. Ka2 Qe6 69. Nd3 Re2 70. Kb1 Qe3 71. Qf1 Kg7 72. Rg3 Qd2 73. Qc1 Qxc1+ 74. Nxc1 Re1 0-1

[Event "Czech Open GM 2019"]
[Site "Pardubice"]
[Date "2019.07.22"]
[Round "4.10"]
[White "Basso, Pier Luigi"]
[Black "Lalic, Bogdan"]
[Result "1-0"]
[WhiteElo "2559"]
[BlackElo "2411"]
[Annotator "ChessBase"]
[PlyCount "105"]
[EventDate "2019.07.19"]
[EventType "swiss"]
[EventCountry "CZE"]
[SourceTitle "playchess.com"]
[Source "ChessBase"]
[SourceQuality "1"]

1. d4 Nf6 2. c4 g6 3. f3 Nc6 4. d5 Ne5 5. e4 d6 6. Nc3 Bg7 7. f4 Ned7 8. Nh3 O-O 9. Be2 Nc5 10. Nf2 e6 11. dxe6 fxe6 12. Be3 b6 13. Qc2 Bb7 14. O-O-O Qe8 15. h4 e5 16. f5 gxf5 17. exf5 Bxg2 18. Rhg1 Bc6 19. Nb5 Rf7 20. h5 Kh8 21. h6 Bf8 22. Bg5 Qd7 23. Nc3 a5 24. Rg3 Ng8 25. Bh5 Rf6 26. Nfe4 Bxh6 27. Nxf6 Bxg5+ 28. Rxg5 Nxf6 29. Rdg1 Rg8 30. Rxg8+ Nxg8 31. Nd5 Bxd5 32. cxd5 Nf6 33. Be2 b5 34. Qd2 b4 35. Qh6 Qf7 36. Kb1 a4 37. Qd2 b3 38. Qb4 h6 39. Qh4 Kh7 40. Bc4 Ng8 41. Ka1 Qxf5 42. Qd8 Qf7 43. Be2 Nf6 44. Rf1 Kg6 45. Rg1+ Kh7 46. Rf1 Kg6 47. Qh8 Ncd7 48. Bd3+ Kg5 49. Rf5+ Kg4 50. Qxh6 Qxd5 51. Qg5+ Kh3 52. Bf1+ Kh2 53. Rf2+ 1-0

[Event "Czech Open GM 2019"]
[Site "Pardubice"]
[Date "2019.07.22"]
[Round "4.10"]
[White "Warmerdam, Max"]
[Black "Myshakov, Fyodor"]
[Result "1-0"]
[WhiteElo "2480"]
[BlackElo "2295"]
[Annotator "TA"]
[PlyCount "113"]
[EventDate "2019.07.19"]
[EventType "swiss"]
[EventCountry "CZE"]
[SourceTitle "playchess.com"]
[Source "ChessBase"]
[SourceQuality "1"]

1. e4 c6 2. d4 d5 3. exd5 cxd5 4. Bd3 Nc6 5. c3 Nf6 6. Bf4 Bg4 7. Qb3 Qc8 8. Nd2 e6 9. Ngf3 Be7 10. O-O O-O 11. Ne5 Bh5 12. Qc2 Kh8 13. h3 Nxe5 14. dxe5 Nd7 15. Bxh7 g6 16. g4 Kxh7 17. gxh5 Kh8 18. Kh2 g5 19. Bg3 f5 20. exf6 Rxf6 21. Rae1 Qg8 22. c4 Rc8 23. Qb3 Nc5 24. Qe3 d4 25. Qxd4 Rd8 26. Qe3 Nd3 27. Ne4 Rf5 28. Rd1 Nf4 29. Rxd8 Qxd8 30. Qc3+ Kh7 31. Bxf4 Rxf4 32. Qe5 Qg8 33. f3 Rf5 34. Qc7 Rf7 35. Qxe7 Rxe7 36. Nf6+ Kg7 37. Nxg8 Kxg8 38. Rg1 Rd7 39. Rxg5+ Kh7 40. Kg3 Rd4 41. b3 Rd2 42. a4 a6 43. Re5 Rd3 44. b4 Rb3 45. b5 Rb4 46. Rxe6 Rxa4 47. Re7+ Kh6 48. Rxb7 Rxc4 49. bxa6 Ra4 50. Ra7 Kxh5 51. Ra8 Kg6 52. a7 Kg7 53. f4 Ra3+ 54. Kf2 Ra2+ 55. Ke3 Ra3+ 56. Kd2 Ra6 57. f5 1-0

[Event "Czech Open GM 2019"]
[Site "Pardubice"]
[Date "2019.07.22"]
[Round "4.11"]
[White "Babula, Vlastimil"]
[Black "Bronstein, Or"]
[Result "1-0"]
[WhiteElo "2550"]
[BlackElo "2378"]
[Annotator "ChessBase"]
[PlyCount "69"]
[EventDate "2019.07.19"]
[EventType "swiss"]
[EventCountry "CZE"]
[SourceTitle "playchess.com"]
[Source "ChessBase"]
[SourceQuality "1"]

1. d4 Nf6 2. c4 g6 3. Nc3 d5 4. cxd5 Nxd5 5. Bd2 Bg7 6. e4 Nxc3 7. Bxc3 O-O 8. Qd2 c5 9. d5 e6 10. Bc4 exd5 11. Bxd5 Nd7 12. Bxg7 Kxg7 13. Ne2 Nf6 14. O-O-O Qe7 15. Qc3 Re8 16. f3 Be6 17. Nf4 Bxd5 18. Rxd5 Rac8 19. Rhd1 Kg8 20. Rd6 Nh5 21. Nxh5 Qg5+ 22. Qd2 Qxh5 23. Qf4 Qe5 24. Qxe5 Rxe5 25. Rd8+ Re8 26. Rxc8 Rxc8 27. Rd7 Rb8 28. Rc7 h5 29. h4 Kg7 30. Rxc5 Kf6 31. Rc7 Ke6 32. Kd2 f5 33. Ke3 fxe4 34. Kxe4 Kd6 35. Rg7 1-0

[Event "Czech Open GM 2019"]
[Site "Pardubice"]
[Date "2019.07.22"]
[Round "4.11"]
[White "Nun, Jiri"]
[Black "Abdumalik, Zhansaya"]
[Result "0-1"]
[WhiteElo "2310"]
[BlackElo "2458"]
[Annotator "ChessBase"]
[PlyCount "50"]
[EventDate "2019.07.19"]
[EventType "swiss"]
[EventCountry "CZE"]
[SourceTitle "playchess.com"]
[Source "ChessBase"]
[SourceQuality "1"]

1. e4 e5 2. Nf3 Nc6 3. Bc4 Nf6 4. d3 h6 5. Nbd2 d6 6. c3 g5 7. Bb3 g4 8. Ng1 Rg8 9. Nf1 d5 10. Qe2 Be6 11. Ba4 Qd6 12. f4 gxf3 13. Nxf3 O-O-O 14. Bxc6 Qxc6 15. Nxe5 Qa6 16. Ng3 Bd6 17. d4 Qxe2+ 18. Nxe2 Nxe4 19. g3 f6 20. Nd3 Bg4 21. Nef4 h5 22. Ng2 Bf3 23. Rg1 Rde8 24. Kf1 Nxg3+ 25. Kf2 Ne2 0-1

[Event "Czech Open GM 2019"]
[Site "Pardubice"]
[Date "2019.07.22"]
[Round "4.12"]
[White "Teclaf, Pawel"]
[Black "Wilschut, Peter"]
[Result "1/2-1/2"]
[WhiteElo "2454"]
[BlackElo "2279"]
[Annotator "ChessBase"]
[PlyCount "63"]
[EventDate "2019.07.19"]
[EventType "swiss"]
[EventCountry "CZE"]
[SourceTitle "playchess.com"]
[Source "ChessBase"]
[SourceQuality "1"]

1. e4 e6 2. d4 d5 3. e5 c5 4. c3 Nc6 5. Nf3 Nge7 6. Na3 cxd4 7. cxd4 Nf5 8. Nc2 Nh4 9. Nxh4 Qxh4 10. Bd3 Bd7 11. O-O Rc8 12. Be3 f5 13. exf6 Qxf6 14. Ne1 Bd6 15. Nf3 h6 16. Rc1 O-O 17. Bb1 Ne7 18. Qb3 Rxc1 19. Rxc1 b6 20. Qd3 Nf5 21. Qa6 Bb8 22. Qb7 Nxe3 23. fxe3 Qd8 24. Qa6 Rxf3 25. gxf3 Qg5+ 26. Kh1 Qxe3 27. Rc8+ Bxc8 28. Qxc8+ Kf7 29. Qd7+ Kf8 30. Qd8+ Kf7 31. Qd7+ Kf8 32. Qd8+ 1/2-1/2

[Event "Czech Open GM 2019"]
[Site "Pardubice"]
[Date "2019.07.22"]
[Round "4.12"]
[White "Piesik, Piotr"]
[Black "Plat, Vojtech"]
[Result "1/2-1/2"]
[WhiteElo "2421"]
[BlackElo "2548"]
[Annotator "ChessBase"]
[PlyCount "32"]
[EventDate "2019.07.19"]
[EventType "swiss"]
[EventCountry "CZE"]
[SourceTitle "playchess.com"]
[Source "ChessBase"]
[SourceQuality "1"]

1. d4 Nf6 2. Nf3 g6 3. c4 Bg7 4. g3 d5 5. cxd5 Nxd5 6. Bg2 Nb6 7. Nc3 Nc6 8. e3 O-O 9. O-O Re8 10. d5 Na5 11. Nd4 Bd7 12. b3 c5 13. dxc6 Nxc6 14. Nxc6 Bxc6 15. Bxc6 bxc6 16. Bb2 c5 1/2-1/2

[Event "Czech Open GM 2019"]
[Site "Pardubice"]
[Date "2019.07.22"]
[Round "4.13"]
[White "Lintchevski, Daniil"]
[Black "Manik, Mikulas"]
[Result "1/2-1/2"]
[WhiteElo "2534"]
[BlackElo "2377"]
[Annotator "ChessBase"]
[PlyCount "35"]
[EventDate "2019.07.19"]
[EventType "swiss"]
[EventCountry "CZE"]
[SourceTitle "playchess.com"]
[Source "ChessBase"]
[SourceQuality "1"]

1. e4 c5 2. c3 Nf6 3. e5 Nd5 4. d4 cxd4 5. Nf3 e6 6. cxd4 d6 7. Bc4 Nc6 8. O-O Be7 9. Bd2 O-O 10. Nc3 dxe5 11. dxe5 Nb6 12. Bb3 Na5 13. Bc2 Nac4 14. Qe2 Bd7 15. Bf4 Rc8 16. Be4 Bc6 17. Bxc6 Rxc6 18. Rad1 1/2-1/2

[Event "Czech Open GM 2019"]
[Site "Pardubice"]
[Date "2019.07.22"]
[Round "4.13"]
[White "Barski, Radoslaw"]
[Black "Berzina, Ilze"]
[Result "1-0"]
[WhiteElo "2468"]
[BlackElo "2249"]
[Annotator "TA"]
[PlyCount "165"]
[EventDate "2019.07.19"]
[EventType "swiss"]
[EventCountry "CZE"]
[SourceTitle "playchess.com"]
[Source "ChessBase"]
[SourceQuality "1"]

1. e4 Nf6 2. e5 Nd5 3. d4 d6 4. Nf3 dxe5 5. Nxe5 Bf5 6. Be2 c6 7. O-O Nd7 8. Nf3 e6 9. c4 Nb4 10. a3 Nc2 11. Ra2 Nxd4 12. Qxd4 Bxb1 13. Bg5 f6 14. Rxb1 fxg5 15. Rd1 Be7 16. Qxg7 Bf6 17. Qh6 Qe7 18. Qh5+ Kd8 19. b4 Kc7 20. Rad2 Rad8 21. Qg4 h5 22. Qe4 g4 23. Nd4 Ne5 24. c5 Rd5 25. Nb3 Rhd8 26. Rxd5 exd5 27. Qf5 Nc4 28. Bf1 Qe5 29. Qg6 Qg5 30. Qc2 Ne5 31. b5 Rg8 32. Kh1 g3 33. Nd4 Qh4 34. fxg3 Qe4 35. Qxe4 dxe4 36. Ne6+ Kb8 37. bxc6 Re8 38. c7+ Kc8 39. Nf4 Ng4 40. Bb5 Nf2+ 41. Kg1 Nxd1 42. Bxe8 Bd4+ 43. Kf1 Bxc5 44. Bxh5 Ne3+ 45. Ke2 Bb6 46. Bg6 Kxc7 47. Bxe4 Kd6 48. h4 Nc4 49. a4 Ke5 50. Bxb7 Nd6 51. Ba6 Ne4 52. Kf3 Nc3 53. Bb5 a5 54. Be8 Kd6 55. h5 Ke7 56. Bg6 Nxa4 57. Nd5+ Ke6 58. Be4 Bd4 59. g4 Nc5 60. Nf4+ Kf6 61. Bb1 a4 62. h6 a3 63. h7 Kg7 64. g5 a2 65. Bxa2 Kxh7 66. Bb1+ Kg7 67. Kg4 Bb2 68. Kf5 Nb7 69. Nh5+ Kf8 70. Kg6 Nd6 71. Ba2 Ne8 72. Nf6 Ng7 73. g4 Ba1 74. Kh7 Bb2 75. Nh5 Bc3 76. Nf4 Bb2 77. Ng6+ Ke8 78. Kg8 Ba1 79. Nf4 Ke7 80. Nd5+ Kd8 81. Nf6 Ne8 82. Nxe8 Kxe8 83. g6 1-0

[Event "Czech Open GM 2019"]
[Site "Pardubice"]
[Date "2019.07.22"]
[Round "4.14"]
[White "Haba, Petr"]
[Black "Polatel, Ali"]
[Result "1-0"]
[WhiteElo "2458"]
[BlackElo "2241"]
[Annotator "ChessBase"]
[PlyCount "71"]
[EventDate "2019.07.19"]
[EventType "swiss"]
[EventCountry "CZE"]
[SourceTitle "playchess.com"]
[Source "ChessBase"]
[SourceQuality "1"]

1. e4 c6 2. d4 d5 3. Nd2 dxe4 4. Nxe4 Nf6 5. Nxf6+ exf6 6. c3 Bd6 7. Bd3 O-O 8. Qc2 g6 9. Ne2 Re8 10. h4 Be6 11. h5 f5 12. Bd2 c5 13. dxc5 Bxc5 14. O-O-O Nc6 15. Nf4 Ne5 16. Bb5 Bd7 17. Bxd7 Qxd7 18. hxg6 fxg6 19. Qb3+ Qf7 20. Nd5 Ng4 21. f3 Rad8 22. Bg5 Rxd5 23. Qxd5 Be3+ 24. Bxe3 Qxd5 25. Rxd5 Nxe3 26. Rd7 h5 27. Re1 f4 28. Re2 h4 29. b3 Re5 30. Rxb7 Rd5 31. c4 Rd1+ 32. Kb2 Kf8 33. Rxa7 Rg1 34. c5 Ke8 35. c6 Kd8 36. Rd2+ 1-0

[Event "Czech Open GM 2019"]
[Site "Pardubice"]
[Date "2019.07.22"]
[Round "4.14"]
[White "Dobrowolski, Piotr"]
[Black "Noe, Christopher"]
[Result "1/2-1/2"]
[WhiteElo "2418"]
[BlackElo "2534"]
[Annotator "ChessBase"]
[PlyCount "96"]
[EventDate "2019.07.19"]
[EventType "swiss"]
[EventCountry "CZE"]
[SourceTitle "playchess.com"]
[Source "ChessBase"]
[SourceQuality "1"]

1. e4 e5 2. Nf3 Nc6 3. Bb5 a6 4. Ba4 Nf6 5. O-O Be7 6. d3 d6 7. c4 O-O 8. h3 Nd4 9. Nxd4 exd4 10. Nd2 Nd7 11. f4 f5 12. exf5 Rxf5 13. Nf3 c5 14. g4 Rf7 15. Qe2 Nb6 16. Bb3 Bd7 17. Bd2 Qf8 18. Rae1 Re8 19. Qh2 Bc6 20. Bd1 Nd7 21. Re6 Bf6 22. Rxe8 Qxe8 23. Re1 Qf8 24. Qg3 g6 25. Re6 Be5 26. Nxe5 Nxe5 27. g5 Bd7 28. Rf6 Rxf6 29. gxf6 Nc6 30. Qh4 Bf5 31. Bf3 Nd8 32. Bd5+ Kh8 33. Ba5 Ne6 34. b4 b5 35. cxb5 axb5 36. a4 c4 37. axb5 cxd3 38. f7 d2 39. Bb3 Qxf7 40. b6 Kg7 41. Qf2 Be4 42. Qxd2 Qxf4 43. Qxf4 Nxf4 44. h4 Kf6 45. b5 h6 46. Bd2 g5 47. hxg5+ hxg5 48. Bd1 Ne6 1/2-1/2

[Event "Czech Open GM 2019"]
[Site "Pardubice"]
[Date "2019.07.22"]
[Round "4.15"]
[White "Deepan Chakkravarthy J."]
[Black "Colpe, Malte"]
[Result "1/2-1/2"]
[WhiteElo "2532"]
[BlackElo "2367"]
[Annotator "ChessBase"]
[PlyCount "134"]
[EventDate "2019.07.19"]
[EventType "swiss"]
[EventCountry "CZE"]
[SourceTitle "playchess.com"]
[Source "ChessBase"]
[SourceQuality "1"]

1. d4 Nf6 2. Nf3 e6 3. c4 d5 4. Nc3 Bb4 5. Qa4+ Nc6 6. Bg5 h6 7. Bxf6 Qxf6 8. e3 O-O 9. Rc1 Qg6 10. Qc2 Qxc2 11. Rxc2 Rd8 12. a3 Bf8 13. Bd3 g6 14. Ke2 a6 15. Rhc1 dxc4 16. Bxc4 Bg7 17. Ba2 e5 18. d5 Ne7 19. h3 Bd7 20. Nd2 Be8 21. Nde4 Kf8 22. g4 b6 23. g5 hxg5 24. Nxg5 Rd7 25. h4 Nf5 26. Nce4 Ra7 27. Rc6 Ke7 28. Nh7 Nd6 29. Nxd6 cxd6 30. Ng5 Rdb7 31. Rc8 Bd7 32. Rg8 Bf6 33. Kd2 Rc7 34. Rxc7 Rxc7 35. Rb8 b5 36. Rb6 Bf5 37. Bb3 e4 38. Bc2 Bxb2 39. Bxe4 Bc8 40. Rb8 Bxa3 41. Bd3 Bb7 42. e4 Bc1+ 43. Kd1 Bf4 44. Nf3 Kf6 45. Nd4 Be5 46. Ne2 Ke7 47. f4 Bf6 48. h5 gxh5 49. Ng3 Bc8 50. e5 Bg4+ 51. Kd2 dxe5 52. Ne4 Rd7 53. Rb6 Bg7 54. d6+ Ke8 55. Rxa6 Rd8 56. Bxb5+ Kf8 57. Ra7 Bf5 58. Bc4 Bxe4 59. Rxf7+ Ke8 60. Rxg7 Rxd6+ 61. Ke3 Rd4 62. Be6 Bc2 63. fxe5 Re4+ 64. Kd2 Rxe5 65. Kxc2 Rxe6 66. Rh7 Re5 67. Kd3 Kf8 1/2-1/2

[Event "Czech Open GM 2019"]
[Site "Pardubice"]
[Date "2019.07.22"]
[Round "4.15"]
[White "Berdnyk, Mariia"]
[Black "Braeuer, Franz"]
[Result "0-1"]
[WhiteElo "2247"]
[BlackElo "2445"]
[Annotator "NA"]
[PlyCount "96"]
[EventDate "2019.07.19"]
[EventType "swiss"]
[EventCountry "CZE"]
[SourceTitle "playchess.com"]
[Source "ChessBase"]
[SourceQuality "1"]

1. d4 Nf6 2. c4 e6 3. g3 d5 4. Nf3 Be7 5. Bg2 O-O 6. O-O c6 7. Qc2 b6 8. Nbd2 Bb7 9. e4 Na6 10. a3 c5 11. e5 Nd7 12. cxd5 exd5 13. Re1 Nc7 14. Nf1 Ne6 15. Ne3 Re8 16. Bh3 Bf8 17. Bf5 h6 18. Ng4 Rc8 19. Qd1 cxd4 20. Bxe6 Rxe6 21. Nxd4 Re8 22. Bf4 h5 23. Ne3 Nxe5 24. Qxh5 g6 25. Qd1 Bg7 26. Bxe5 Rxe5 27. Qd2 Re4 28. Nec2 Rc4 29. Nf3 Bxb2 30. Rxe4 Rxe4 31. Rd1 Bf6 32. Ncd4 Kg7 33. h4 Qd7 34. Qc3 Qa4 35. Rd2 Qc4 36. Qa1 Bc8 37. Qb1 Bg4 38. Kg2 Rxd4 39. Nxd4 Bxd4 40. f3 Be6 41. h5 gxh5 42. Qh1 Be3 43. Rb2 h4 44. gxh4 Qc3 45. Re2 Qd3 46. Rb2 d4 47. Qh2 Qf5 48. Qd6 Qh3# 0-1

[Event "Czech Open GM 2019"]
[Site "Pardubice"]
[Date "2019.07.22"]
[Round "4.16"]
[White "Salimova, Nurgyul"]
[Black "Zanan, Evgeny"]
[Result "1/2-1/2"]
[WhiteElo "2416"]
[BlackElo "2505"]
[Annotator "ChessBase"]
[PlyCount "59"]
[EventDate "2019.07.19"]
[EventType "swiss"]
[EventCountry "CZE"]
[SourceTitle "playchess.com"]
[Source "ChessBase"]
[SourceQuality "1"]

1. e4 c5 2. Nf3 e6 3. d4 cxd4 4. Nxd4 Nc6 5. Nc3 Qc7 6. Be2 Nf6 7. O-O Be7 8. Be3 O-O 9. f4 d6 10. Kh1 Nxd4 11. Qxd4 b6 12. Rad1 Bb7 13. Bf3 Rfd8 14. Nb5 Qb8 15. c4 a6 16. Nc3 b5 17. cxb5 axb5 18. Qb4 Qc8 19. e5 Ne8 20. Bxb7 Qxb7 21. exd6 Rxd6 22. Rxd6 Nxd6 23. Bc5 Nf5 24. Bxe7 Nxe7 25. a4 Nd5 26. Nxd5 Qxd5 27. Qxb5 Qxb5 28. axb5 Ra5 29. Rc1 g6 30. Kg1 1/2-1/2

[Event "Czech Open GM 2019"]
[Site "Pardubice"]
[Date "2019.07.22"]
[Round "4.16"]
[White "Hrabusa, Matej"]
[Black "Poleg, Matan"]
[Result "1-0"]
[WhiteElo "2397"]
[BlackElo "2226"]
[Annotator "NA RC"]
[PlyCount "80"]
[EventDate "2019.07.19"]
[EventType "swiss"]
[EventCountry "CZE"]
[SourceTitle "playchess.com"]
[Source "ChessBase"]
[SourceQuality "1"]

1. e4 c5 2. Nf3 d6 3. d4 cxd4 4. Nxd4 Nf6 5. Nc3 a6 6. Be2 e6 7. O-O Be7 8. a4 Qc7 9. f4 Nc6 10. Be3 O-O 11. Kh1 b6 12. Nxc6 Qxc6 13. Bf3 Bb7 14. e5 Nd5 15. Nxd5 exd5 16. c4 dxe5 17. Bxd5 Qc7 18. fxe5 Rad8 19. Qf3 Bxd5 20. cxd5 Qxe5 21. Bxb6 Bd6 22. Bg1 Qxb2 23. Rab1 Qa2 24. a5 Bc7 25. Bc5 Qxd5 26. Bxf8 Qxf3 27. Rxf3 Kxf8 28. Rf5 Rd2 29. Rc5 Bd8 30. Ra1 Ke7 31. g3 Kd7 32. Rb1 Kd6 33. Rf5 Ke6 34. g4 f6 35. Rc1 Be7 36. Rc6+ Rd6 37. Rfc5 Kd7 38. Rc7+ Ke6 39. Rc1 Rd7 40. R1c6+ Kd5 1-0

[Event "Czech Open GM 2019"]
[Site "Pardubice"]
[Date "2019.07.22"]
[Round "4.17"]
[White "Potapov, Pavel"]
[Black "Roshka, Yevgeniy"]
[Result "1/2-1/2"]
[WhiteElo "2485"]
[BlackElo "2353"]
[Annotator "ChessBase"]
[PlyCount "113"]
[EventDate "2019.07.19"]
[EventType "swiss"]
[EventCountry "CZE"]
[SourceTitle "playchess.com"]
[Source "ChessBase"]
[SourceQuality "1"]

1. e4 c5 2. c3 Nf6 3. e5 Nd5 4. Bc4 Nb6 5. Bb3 Nc6 6. Nf3 d5 7. exd6 Qxd6 8. O-O c4 9. Bc2 Bg4 10. Re1 O-O-O 11. h3 Bh5 12. Be4 Bg6 13. Na3 Bxe4 14. Rxe4 Qd3 15. Qe1 e6 16. b3 Bxa3 17. Bxa3 Rd5 18. Rf4 Ra5 19. Bb4 Rf5 20. Rxf5 Qxf5 21. bxc4 Nxc4 22. Qe2 Qd5 23. a4 Rd8 24. d4 f6 25. a5 a6 26. Re1 Kd7 27. Nd2 Nxd2 28. Qxd2 Ke8 29. Qd3 g6 30. Qe3 Kf7 31. Qh6 Kg8 32. Bc5 Re8 33. Qf4 Qd8 34. Bb6 Qe7 35. d5 Ne5 36. d6 Qxd6 37. Qxf6 Nd7 38. Qd4 Qxd4 39. Bxd4 Nb8 40. Bb6 Nc6 41. Rd1 Kf7 42. g4 Re7 43. Kg2 Ne5 44. Rd8 Rd7 45. Rh8 Kg7 46. Rc8 Nc6 47. f4 Kf6 48. Kf3 e5 49. c4 exf4 50. Kxf4 Rf7 51. Re8 Rd7 52. h4 Kf7 53. Rh8 Kg7 54. Rc8 Kf6 55. Re8 Kf7 56. Rh8 Kg7 57. Rc8 1/2-1/2

[Event "Czech Open GM 2019"]
[Site "Pardubice"]
[Date "2019.07.22"]
[Round "4.17"]
[White "Rakesh Kumar Jena"]
[Black "Mica, Marek"]
[Result "1-0"]
[WhiteElo "2395"]
[BlackElo "2222"]
[Annotator "NA"]
[PlyCount "63"]
[EventDate "2019.07.19"]
[EventType "swiss"]
[EventCountry "CZE"]
[SourceTitle "playchess.com"]
[Source "ChessBase"]
[SourceQuality "1"]

1. d4 Nf6 2. Bf4 e6 3. e3 b6 4. Qf3 d5 5. Nd2 Bb7 6. g4 Bd6 7. g5 Bxf4 8. Qxf4 Nfd7 9. O-O-O Na6 10. Ngf3 Rc8 11. h4 c5 12. Bb5 Qe7 13. h5 cxd4 14. Ne5 Nac5 15. h6 gxh6 16. Qxd4 Rg8 17. Ne4 Kd8 18. Bxd7 Nxd7 19. Nd6 Nxe5 20. Nxc8 Kxc8 21. Qxe5 hxg5 22. Rxh7 Ba6 23. Rxd5 Be2 24. Rd6 Bg4 25. Rc6+ Kb7 26. Qe4 Rd8 27. Rd6+ Ka6 28. Qd3+ Ka5 29. Qa3+ Kb5 30. c4+ Kxc4 31. Rc6+ Kb5 32. Qxe7 1-0

[Event "Czech Open GM 2019"]
[Site "Pardubice"]
[Date "2019.07.22"]
[Round "4.18"]
[White "Kozak, Adam"]
[Black "Gungl, Theo"]
[Result "1-0"]
[WhiteElo "2475"]
[BlackElo "2306"]
[Annotator "ChessBase"]
[PlyCount "91"]
[EventDate "2019.07.19"]
[EventType "swiss"]
[EventCountry "CZE"]
[SourceTitle "playchess.com"]
[Source "ChessBase"]
[SourceQuality "1"]

1. Nf3 d5 2. e3 Nf6 3. c4 c6 4. Nc3 e6 5. b3 Bd6 6. Bb2 O-O 7. Be2 a6 8. d4 Nbd7 9. O-O Qe7 10. Qc2 e5 11. dxe5 Nxe5 12. cxd5 cxd5 13. Rad1 Be6 14. Nd4 Qc7 15. h3 Rac8 16. Qb1 Rfe8 17. Qa1 Qb8 18. Rc1 Ng6 19. Nf3 Bd7 20. Rfd1 Bc6 21. Na4 Ne5 22. Nc5 Ne4 23. Nxe4 dxe4 24. Nxe5 Bxe5 25. Bxe5 Rxe5 26. Bxa6 Ra5 27. Bf1 h6 28. a4 Rd8 29. Qc3 Rad5 30. Rxd5 Rxd5 31. a5 Qd8 32. b4 Bb5 33. Bxb5 Rxb5 34. Qc8 Qf8 35. Rc4 Qxc8 36. Rxc8+ Kh7 37. Rc4 f5 38. g4 g6 39. Kf1 Kg7 40. Ke2 Kf6 41. gxf5 gxf5 42. Kd2 Ke6 43. Rd4 Ke7 44. Kc3 Re5 45. Kc4 Re6 46. Rd5 1-0

[Event "Czech Open GM 2019"]
[Site "Pardubice"]
[Date "2019.07.22"]
[Round "4.18"]
[White "Polgar-Shutzman, Tom"]
[Black "Chylewski, Patryk"]
[Result "1/2-1/2"]
[WhiteElo "2241"]
[BlackElo "2376"]
[Annotator "NA"]
[PlyCount "64"]
[EventDate "2019.07.19"]
[EventType "swiss"]
[EventCountry "CZE"]
[SourceTitle "playchess.com"]
[Source "ChessBase"]
[SourceQuality "1"]

1. e4 c6 2. d4 d5 3. e5 c5 4. dxc5 e6 5. a3 Bxc5 6. Nf3 Ne7 7. Bd3 Ng6 8. O-O O-O 9. Ng5 Qc7 10. Qh5 h6 11. Nxf7 Qxf7 12. Bxg6 Qxf2+ 13. Rxf2 Rxf2 14. Nd2 Rf5+ 15. Kh1 Rxh5 16. Bxh5 Nc6 17. Nf3 Nd4 18. Bf4 Bd7 19. Nxd4 Bxd4 20. c3 Bb6 21. Bf3 Rc8 22. h3 Kf7 23. Bg3 Ke7 24. Kh2 Ba4 25. Rf1 Be3 26. Bg4 Bb5 27. Rf3 Bc1 28. Rf2 Be8 29. Bf4 Bxf4+ 30. Rxf4 b6 31. Kg3 Rc5 32. Kf2 Bg6 1/2-1/2

[Event "Czech Open GM 2019"]
[Site "Pardubice"]
[Date "2019.07.22"]
[Round "4.19"]
[White "Karttunen, Mika"]
[Black "Keller, Peter"]
[Result "1/2-1/2"]
[WhiteElo "2466"]
[BlackElo "2279"]
[Annotator "ChessBase"]
[PlyCount "88"]
[EventDate "2019.07.19"]
[EventType "swiss"]
[EventCountry "CZE"]
[SourceTitle "playchess.com"]
[Source "ChessBase"]
[SourceQuality "1"]

1. e4 e5 2. Nf3 Nc6 3. Bb5 Nf6 4. O-O Nxe4 5. d4 Nd6 6. Bxc6 dxc6 7. dxe5 Nf5 8. Qxd8+ Kxd8 9. h3 Be7 10. g4 Nh4 11. Nxh4 Bxh4 12. Re1 Be7 13. Nc3 h5 14. f3 Be6 15. Kg2 b6 16. Ne4 Kc8 17. Bg5 Bxg5 18. Nxg5 Kd7 19. Kg3 hxg4 20. hxg4 Ke7 21. f4 g6 22. Rh1 Rad8 23. Rxh8 Rxh8 24. Rd1 a5 25. b3 a4 26. Rf1 Bd7 27. Ne4 c5 28. Nf6 Bc6 29. Rd1 Ra8 30. f5 gxf5 31. gxf5 axb3 32. axb3 Ra2 33. Ng8+ Ke8 34. Nf6+ Ke7 35. Rd2 Ra1 36. Rf2 b5 37. Nh7 Re1 38. f6+ Ke8 39. Kf4 Bd5 40. Ng5 b4 41. Kf5 c6 42. Rh2 Rf1+ 43. Kg4 Rg1+ 44. Kf5 Rf1+ 1/2-1/2

[Event "Czech Open GM 2019"]
[Site "Pardubice"]
[Date "2019.07.22"]
[Round "4.19"]
[White "Kosiorek, Marek"]
[Black "Rubes, Jan"]
[Result "1/2-1/2"]
[WhiteElo "2238"]
[BlackElo "2369"]
[Annotator "NA"]
[PlyCount "98"]
[EventDate "2019.07.19"]
[EventType "swiss"]
[EventCountry "CZE"]
[SourceTitle "playchess.com"]
[Source "ChessBase"]
[SourceQuality "1"]

1. d4 Nf6 2. g3 c5 3. d5 e6 4. c4 exd5 5. cxd5 d6 6. Nc3 g6 7. Bg2 Bg7 8. Nf3 O-O 9. O-O Re8 10. Nd2 Nbd7 11. h3 a6 12. a4 b6 13. Nc4 Ne5 14. Na3 b5 15. axb5 axb5 16. Ncxb5 Ba6 17. Nc3 Qb6 18. Rb1 Re7 19. Re1 Rae8 20. Bd2 h6 21. b3 Nh5 22. Nc2 f5 23. Kh2 Kh7 24. f4 Nd7 25. e4 fxe4 26. Ne3 Nhf6 27. Nc4 Qc7 28. Qc2 Bxc4 29. bxc4 e3 30. Nb5 Qd8 31. Bc3 Nf8 32. Re2 Nh5 33. Rbe1 Kg8 34. Qd3 Bxc3 35. Qxc3 g5 36. fxg5 hxg5 37. Rxe3 Ng6 38. Re6 Rxe6 39. dxe6 g4 40. Bd5 Kh7 41. hxg4 Nf6 42. Kg2 Nxd5 43. cxd5 Qg5 44. Qd3 Qxg4 45. Nxd6 Ra8 46. Re2 Ra3 47. Qxa3 Qxe2+ 48. Kg1 Qe1+ 49. Kg2 Qe2+ 1/2-1/2

[Event "Czech Open GM 2019"]
[Site "Pardubice"]
[Date "2019.07.22"]
[Round "4.20"]
[White "Polschikov, Alexey"]
[Black "Bagi, Mate"]
[Result "1-0"]
[WhiteElo "2375"]
[BlackElo "2459"]
[Annotator "ChessBase"]
[PlyCount "53"]
[EventDate "2019.07.19"]
[EventType "swiss"]
[EventCountry "CZE"]
[SourceTitle "playchess.com"]
[Source "ChessBase"]
[SourceQuality "1"]

1. Nf3 Nf6 2. c4 c5 3. d4 cxd4 4. Nxd4 e5 5. Nb5 d6 6. Bg5 Be6 7. N1a3 a6 8. Nc3 Nbd7 9. Qd2 b5 10. cxb5 d5 11. e3 Qa5 12. Nc2 Rb8 13. Rb1 axb5 14. b4 Qc7 15. Bxf6 gxf6 16. Nxb5 Qc6 17. a4 Nb6 18. Nbd4 Qc7 19. Nxe6 fxe6 20. Bb5+ Kf7 21. O-O Rg8 22. Rbc1 Qb7 23. f4 Bd6 24. fxe5 Bxe5 25. Nd4 Nc4 26. Bxc4 dxc4 27. Nf3 1-0